Halal Penang directory / (Record no. 23965)

MARC details
000 -LEADER
fixed length control field 00784nam a2200241#a 4500
001 - CONTROL NUMBER
control field 02406
003 - CONTROL NUMBER IDENTIFIER
control field HDC
007 - PHYSICAL DESCRIPTION FIXED FIELD--GENERAL INFORMATION
fixed length control field ta
008 - FIXED-LENGTH DATA ELEMENTS--GENERAL INFORMATION
fixed length control field 230623s2015 xx 000 0 eng d
040 ## - CATALOGING SOURCE
Original cataloging agency HDC
050 ## - LIBRARY OF CONGRESS CALL NUMBER
Classification number pihhd BP184.98
Item number .P54 2015
110 ## - MAIN ENTRY--CORPORATE NAME
Corporate name or jurisdiction name as entry element Penang International Halal Hub Development,
Relator term corporate name."
245 #0 - TITLE STATEMENT
Title Halal Penang directory /
Statement of responsibility, etc. Penang International Halal Hub Development.
264 ## - PRODUCTION, PUBLICATION, DISTRIBUTION, MANUFACTURE, AND COPYRIGHT NOTICE
Place of production, publication, distribution, manufacture Penang :
Name of producer, publisher, distributor, manufacturer PIHH Development,
Date of production, publication, distribution, manufacture, or copyright notice 2015.
300 ## - PHYSICAL DESCRIPTION
Extent 84p. :
Other physical details col. ill. ;
Dimensions 20cm.
650 ## - SUBJECT ADDED ENTRY--TOPICAL TERM
Topical term or geographic name entry element Consumer protection (Islamic law)
Geographic subdivision Malaysia
Form subdivision Directories.
650 ## - SUBJECT ADDED ENTRY--TOPICAL TERM
Topical term or geographic name entry element Halal food industry
Geographic subdivision Malaysia
Form subdivision Directories.
650 ## - SUBJECT ADDED ENTRY--TOPICAL TERM
Topical term or geographic name entry element Product safety (Islamic law)
Geographic subdivision Malaysia
Form subdivision Directories.
942 ## - ADDED ENTRY ELEMENTS (KOHA)
Source of classification or shelving scheme Library of Congress Classification
942 ## - ADDED ENTRY ELEMENTS (KOHA)
Koha item type Book
942 ## - ADDED ENTRY ELEMENTS (KOHA)
Call number prefix pihhd BP184.98
942 ## - ADDED ENTRY ELEMENTS (KOHA)
Call number suffix .P54 2015
Holdings
Withdrawn status Lost status Source of classification or shelving scheme Damaged status Not for loan Collection Home library Current library Shelving location Date acquired Total checkouts Full call number Date last seen Price effective from Koha item type
    Library of Congress Classification     Non-fiction Halal Development Corporation Library Halal Development Corporation Library Open Shelves 17/11/2020   pihhd BP184.98 .P54 2015 24/05/2023 24/05/2023 Book
Halal Development Corporation Berhad (HDC)
5.02 Level 5, KPMG Tower, First Avenue, Persiaran Bandar Utama, 47800 Petaling Jaya, Selangor Darul Ehsan
Phone: +603 7965 5489 Email: [email protected]